000 00952pam a2200277 a 4500
999 _c25154
_d25154
001 426226
003 ARRUPE
005 20170802152545.0
008 810828s1982 mnu b s001 0 eng
010 _a 81014698
020 _a0816610444 :
_c$25.00
020 _a0816610479 (pbk.) :
_c$10.95
040 _aDLC
_cDLC
_dDLC
050 0 0 _aB843
_b.L55 1982
082 0 0 _a144/.6
_219
245 0 4 _aThe Limits of utilitarianism /
_cedited by Harlan B. Miller and William H. Williams.
260 _aMinneapolis :
_bUniversity of Minnesota Press,
_cc1982.
300 _ax, 315 p. ;
_c24 cm.
500 _aIncludes index.
504 _aBibliography: p. 255-299.
650 0 _aUtilitarianism.
_91723
700 1 _aMiller, Harlan B.
_934514
700 1 _aWilliams, William H.
_q(William Hatton),
_d1934-
_934515
906 _a7
_bcbc
_corignew
_d1
_eocip
_f19
_gy-gencatlg
942 _2lcc
_cMONOGRAPH